000 00345nam a22001337a 4500
008 230620b xxu||||| |||| 00| 0 eng d
082 _a320.9
_bCRO
100 _cRoger Charlton, Vicky Randall
245 _aCommonwealth & Comparative Politics
260 _bFrank Cass & Co. Ltd
_c2002
300 _a165p
440 _vVolume 40
942 _2ddc
_cBK
999 _c1537
_d1537